Los motivos del lobo : "Top Secret" /

Salvato in:
Dettagli Bibliografici
Autore principale: Castilla U., Miguel de (autor)
Natura: Libro
Lingua:spagnolo
Soggetti:
Tags: Aggiungi Tag
Nessun Tag, puoi essere il primo ad aggiungerne!!

MARC

LEADER 00000nam^a2200000^a^4500
001 000391758
005 20250521000000.0
009 20260310121223.696
037 |a Acervo ITESO - Biblioteca 
041 |a ESP 
082 |a 861.  |b CAS 
100 |a Castilla U., Miguel de  |e (autor) 
245 1 4 |a Los motivos del lobo :  |b "Top Secret" /  |c M. de Castilla U. 
264 |a Managua, Nicaragua :  |b editorial no identificada,  |c 1977 
300 |a 80 p. 
336 |a texto  |b txt  |2 rdacontenido 
337 |a sin mediación  |b n  |2 rdamedio 
338 |a volumen  |b nc  |2 rdasoporte 
561 |a Obra autografiada por el autor para Carlos Núñez Hurtado 
649 |a XX 
650 |a Poesía Nicaragüense 
650 |a Literatura Nicaragüense -  |y Siglo XX 
650 |a Literatura y Política 
600 |a Darío, Rubén 
910 |a Fondo Carlos Núñez Hurtado 
920 |a Impresos - Libros 
930 |a Fondos Especiales 
940 |a Literatura 
905 |a 117 
901 |a 0500286644  |b IT2  |c ESP  |i D81137  |u 20250521 
902 |a https://opac.biblio.iteso.mx/vufind/Record/000391758